LEADER 01237nam0-2200361 --450 001 9910271459503321 005 20200123101855.0 010 $a9781259584732 100 $a20180611d2018----kmuy0itay5050 ba 101 0 $aeng 102 $aUS 105 $a 001yy 200 1 $aGoodman & Gilman's the pharmacological basis of therapeutics 205 $a13th. ed.$feditor- in-chief Laurence L. Brunton$gassociate editors Randa Hilal-Dandan, Bjorn C. Knollmann 210 $aNew York [etc.]$cMcGraw Hill Education$d2018 215 $aXVII, 1419 p.$cill.$d29 cm 517 1 $aGoodman and Gilmans the pharmacological basis of therapeutics 610 0 $aFarmacologia 700 1$aGoodman,$bLouis Sanford$f<1906->$090069 701 1$aGilman,$bAlfred$0445099 702 1$aHilal-Dandan,$bRanda 702 1$aBrunton,$bLaurence L. 702 1$aKnollmann,$bBjorn C. 801 0$aIT$bUNINA$gREICAT$2UNIMARC 901 $aBK 912 $a9910271459503321 952 $a80 XIV A 167$bBFA63/2018$fFFABC 952 $a90 L 2a 127$b345/2019$fFMEBC 952 $a90 L 2a 128$b346/2019$fFMEBC 959 $aFFABC 959 $aFMEBC 996 $aGoodman & Gilman's the pharmacological basis of therapeutics$913795 997 $aUNINA LEADER 01851nas 2200553-a 450 001 9910132052603321 005 20260218111317.0 011 $a1782-1525 035 $a(CKB)110978979120427 035 $a(CONSER)---87643958- 035 $a(DE-599)ZDB2243844-0 035 $a(DE-599)2243844-0 035 $a(EXLCZ)99110978979120427 100 $a19870904a19869999 --- - 101 0 $afre 181 $ctxt$2rdacontent 182 $cc$2rdamedia 183 $acr$2rdacarrier 200 00$aRevue internationale de droit économique 210 1$aBruxelles :$cL'Association internationale de droit économique,$d[1986- 210 1$aLiège, Belgique :$cDe Boeck Supérieur 215 $a1 online resource 300 $aRefereed/Peer-reviewed 311 08$aPrint version: Revue internationale de droit économique. 1010-8831 (DLC) 87643958 (OCoLC)16641980 517 1 $aR.I.D.E. 517 1 $aRIDE 606 $aIndustrial laws and legislation$vPeriodicals 606 $aIndustrie$xDroit$vPériodiques 606 $aIndustrial laws and legislation$2fast$3(OCoLC)fst00971186 606 $aEconomisch recht$2gtt 606 $aEconomic law$2pplt 606 $aEconomic integration$2pplt 606 $aInternational economic law$2pplt 608 $aPeriodicals.$2fast 615 0$aIndustrial laws and legislation 615 6$aIndustrie$xDroit 615 7$aIndustrial laws and legislation. 615 17$aEconomisch recht. 615 7$aEconomic law. 615 7$aEconomic integration. 615 7$aInternational economic law. 676 $a345/.0264 676 $a342.5264 712 02$aAssociation internationale de droit e?conomique, 906 $aJOURNAL 912 $a9910132052603321 920 $aexl_impl conversion 996 $aRevue internationale de droit economique$91057746 997 $aUNINA